000 00479 a2200169 4500
003 OSt
005 20240131145348.0
008 231223b |||||||| |||| 00| 0 eng d
020 _a9789350005026
040 _coclc
082 _a891.433
_bSOU/T
100 _aSourabh, Pradeep
_910212
245 _aTEESARI TAALI /
_cPradeep Saurabh
260 _aNew Delhi:
_bVani Prakashan,
_c2018.
300 _a195p
942 _2ddc
_cBK
_h891.433
_iSOU/T
_k891.433
_mSOU/T
999 _c43560
_d43560